Action research

Na minha lista:
Detalhes bibliográficos
Formato: Livro
Idioma:Undetermined
Publicado em: China Beijing Normal University Press
Assuntos:
Tags: Adicionar Tag
Sem tags, seja o primeiro a adicionar uma tag!
Thư viện lưu trữ: Trung tâm Học liệu Trường Đại học Cần Thơ
LEADER 00468nam a2200157Ia 4500
001 CTU_97898
008 210402s9999 xx 000 0 und d
082 |a 372.1102 
082 |b A188 
245 0 |a Action research 
260 |a China 
260 |b Beijing Normal University Press 
650 |a Teaching methods,Education, elementary,Education, elementary 
650 |z United states,China 
904 |i M.Loan 
980 |a Trung tâm Học liệu Trường Đại học Cần Thơ